000 00962nam a2200301 i 4500
001 11658
003 KOSZ 005
005 20211014133300.0
008 070917s1967 pl a f 000 0 pol
015 _aPB 1968/217
040 _aWA N
_cWA N
_dKOSZ 005/RW
_dKOSZ 005/HR
046 _k1967
080 _a666.3/.7
100 1 _aOstrowski, Tadeusz
_eAutor
245 1 0 _aSuszarnie i piece w przemyśle materiałów ogniotrwałych /
_cTadeusz Ostrowski.
260 _aKatowice :
_b"Śląsk",
_c1967.
300 _a384 s. :
_bil. ;
_c25 cm.
380 _aKsiążki
388 _a1901-2000
388 _a1945-1989
504 _aBibliogr. s. 383-384.
650 4 _aMateriały ogniotrwałe
650 4 _aTechnologia
658 _aInżynieria i technika
710 2 _aWydawnictwo "Śląsk"
_4pbl.
856 _uhttp://koha.tu.koszalin.pl/cgi-bin/koha/opac-detail.pl?biblionumber=11658
_yKatalog online BPK
942 _2UKD
_cKS
999 _c11658
_d11658